| 000 | 00979nam a2200301 4500 | ||
|---|---|---|---|
| 003 | OSt | ||
| 005 | 20260601193855.0 | ||
| 008 | 260505b1985 fr a|||| |||| 00| 0 fre d | ||
| 020 | _a2850561762 | ||
| 040 |
_aICI _bspa _cICI |
||
| 041 | _afre | ||
| 050 |
_aN6494.B38 _bR45 1985 |
||
| 100 | 1 |
_aRichard,Lionel, _eautor _932998 |
|
| 245 | 1 |
_aEncyclopédie du Bauhaus / _cLionel Richard |
|
| 264 |
_aParís : _bEditions Aimery Somogy, _c1985. |
||
| 300 |
_a284 páginas : _bilustraciones |
||
| 336 |
_atexto _2rdacontent |
||
| 337 |
_asin medio _2rdamedia |
||
| 338 |
_avolumen _2rdacarrier |
||
| 502 | _aEn pastas "École du design. " | ||
| 650 |
_aBauhaus _xHistoria. _932999 |
||
| 650 |
_aDiseño _xEnseñanza _zAlemania. _933000 |
||
| 650 |
_aDiseño industrial _xHistoria _ySiglo XX. |
||
| 650 |
_aArquitectura moderna _xInfluencia de la Bauhaus. _933002 |
||
| 650 |
_aArte moderno _ySiglo XX. _91863 |
||
| 650 |
_aEducación artística _xMétodos. _933003 |
||
| 942 |
_2lcc _cB _n1 |
||
| 999 |
_c22040 _d22040 |
||